000 00403nam a2200181Ia 4500
001 851
005 20260306140548.0
008 260306t2015||||xx |||||||||||||| ||spa||
041 _aESP
082 _a170
_bS23E
100 _aSánchez Migallón, Sergio
_eAUT
245 0 _aÉtica
260 _c2015
300 _a158 páginas :
_c24 cm.
650 _aGEN
654 _aCHU
942 _cLIB
_dJUS
_fJUS
_2ddc
_n
999 _c851
_d851